|
|
|
|
| LEADER |
00000nam0a2200000 4500 |
| 001 |
141823 |
| 005 |
20231031142542.0 |
| 010 |
|
|
|a 3540667830
|
| 035 |
|
|
|a (RuTPU)RU\TPU\book\153721
|
| 090 |
|
|
|a 141823
|
| 100 |
|
|
|a 20080827d2001 k y0engy50 ba
|
| 101 |
0 |
|
|a eng
|
| 102 |
|
|
|a DE
|
| 105 |
|
|
|a y z 001zy
|
| 200 |
1 |
|
|a Quantum Computing
|f M. Hirvensalo
|
| 210 |
|
|
|a Berlin
|c Springer-Verlag
|d 2001
|
| 215 |
|
|
|a 190 p.
|
| 225 |
1 |
|
|a Natural Computing Series
|
| 320 |
|
|
|a References: p. 183-186.
|
| 320 |
|
|
|a Index: p. 187-190.
|
| 610 |
1 |
|
|a квантовая механика
|
| 610 |
1 |
|
|a теоретическая информатика
|
| 610 |
1 |
|
|a математика
|
| 610 |
1 |
|
|a квантовые вычисления
|
| 610 |
1 |
|
|a примеры
|
| 610 |
1 |
|
|a упражнения
|
| 610 |
1 |
|
|a английский язык
|
| 675 |
|
|
|a 530.145
|v 3
|
| 700 |
|
1 |
|a Hirvensalo
|b M.
|g Mika
|
| 801 |
|
1 |
|a RU
|b 63413507
|c 20080827
|g PSBO
|
| 801 |
|
2 |
|a RU
|b 63413507
|c 20080923
|g PSBO
|
| 942 |
|
|
|c BK
|